राधा की धारा (Record no. 963)

MARC details
000 -LEADER
fixed length control field 00992 a2200241 4500
005 - DATE AND TIME OF LATEST TRANSACTION
control field 20080903110047.0
008 - FIXED-LENGTH DATA ELEMENTS--GENERAL INFORMATION
fixed length control field 080903t xxu||||| |||| 00| 0 hin d
010 ## - LIBRARY OF CONGRESS CONTROL NUMBER
LC control number HIN-78897
020 ## - INTERNATIONAL STANDARD BOOK NUMBER
International Standard Book Number 8188081396
Terms of availability 120.00
035 ## - SYSTEM CONTROL NUMBER
System control number HN-51243
037 ## - SOURCE OF ACQUISITION
Source of stock number/acquisition D.B.Act / pub
082 ## - DEWEY DECIMAL CLASSIFICATION NUMBER
Classification number 821
100 ## - MAIN ENTRY--PERSONAL NAME
Personal name ठाकरे, कांतिलाल
245 ## - TITLE STATEMENT
Title राधा की धारा
Statement of responsibility, etc कांतिलाल ठाकरे
246 ## - VARYING FORM OF TITLE
Title proper/short title Radha kee Dhara
Remainder of title by Kanti Lal Thakre
260 ## - PUBLICATION, DISTRIBUTION, ETC. (IMPRINT)
Place of publication, distribution, etc दिल्ली
Name of publisher, distributor, etc दिशा प्रकाशन
Date of publication, distribution, etc 2006
270 ## - ADDRESS
Address 138/16,त्रिनगर
City दिल्ली
Postal code 110035
300 ## - PHYSICAL DESCRIPTION
Extent 108पृ
Dimensions 22 सेमी (सजिल्द)
650 ## - SUBJECT ADDED ENTRY--TOPICAL TERM
Topical term or geographic name as entry element कविताएँ
650 ## - SUBJECT ADDED ENTRY--TOPICAL TERM
Topical term or geographic name as entry element Poems
942 ## - ADDED ENTRY ELEMENTS (KOHA)
Institution code [OBSOLETE] dpl
Koha item type Hindi Books
Call number prefix 821 / ठाकरे
Source of classification or shelving scheme Dewey Decimal Classification
Classification part 821
Call number suffix ठाकरे
Holdings
Withdrawn status Lost status Damaged status Not for loan Collection code Home library Current library Date acquired Cost, normal purchase price Total Checkouts Full call number Barcode Date last seen Copy number Uniform Resource Identifier Cost, replacement price Price effective from Koha item type
      Not For Loan Non-fiction D.B.Act.Division D.B.Act.Division 03/09/2008 120.00   821 ठाकरे HN-51243 15/09/2008 1 1026 120.00 15/09/2008 Hindi Books

© Delhi Public Library
Hit Counter
free hit counter